Central Library OPAC University of Rajshahi

Mens rea in statutory offences / (Record no. 46434)

MARC details
000 -LEADER
fixed length control field 00979nam a2200265 a 4500
001 - CONTROL NUMBER
control field 46434
003 - CONTROL NUMBER IDENTIFIER
rucl marc code BD-RjUL
005 - DATE AND TIME OF LATEST TRANSACTION
control field 20211209054143.0
008 - FIXED-LENGTH DATA ELEMENTS--GENERAL INFORMATION
fixed length control field 160802s1955 enk 001 0 eng
035 ## - SYSTEM CONTROL NUMBER
System control number (BD-RjUL)46552
System control number (OCoLC)1837388
040 ## - CATALOGING SOURCE
Original cataloging agency DLC
Transcribing agency OClU-L
Modifying agency FTaSU-L
-- Uk
-- DLC
Language of cataloging eng
041 ## - LANGUAGE CODE
Language code of text/sound track or separate title eng
082 ## - DEWEY DECIMAL CLASSIFICATION NUMBER
Classification number 345.4104
Author mark and year EDM 1955
100 1# - MAIN ENTRY--PERSONAL NAME
Personal name Edwards, J. Ll. J.
Fuller form of name (John Llewelyn Jones),
Dates associated with a name 1918-
9 (RLIN) 141740
245 10 - TITLE STATEMENT
Title Mens rea in statutory offences /
Statement of responsibility, etc. by J.Ll.J. Edwards.
260 ## - PUBLICATION, DISTRIBUTION, ETC. (IMPRINT)
Place of publication, distribution, etc. London :
Name of publisher, distributor, etc. Macmillan ;
Place of publication, distribution, etc. New York :
Name of publisher, distributor, etc. St. Martin's Press,
Date of publication, distribution, etc. 1955.
300 ## - PHYSICAL DESCRIPTION
Pagination xiv, 297 p. ;
Size 23 cm.
500 ## - GENERAL NOTE
General note "Originally ... written as a thesis for the degree of Doctor of Philosophy in the University of London"--P. xiv.
504 ## - BIBLIOGRAPHY, ETC. NOTE
Bibliography, etc Includes bibliographical references (p. 289-291)
650 #0 - SUBJECT ADDED ENTRY--TOPICAL TERM
Topical term or geographic name as entry element Criminal intent
Geographic subdivision Great Britain.
9 (RLIN) 141742
942 ## - ADDED ENTRY ELEMENTS (KOHA)
Source of classification or shelving scheme Dewey Decimal Classification
Koha item type Books
Holdings
Lost status Source of classification or shelving scheme Damaged status Not for loan Collection code Permanent Location Current Location Shelving location Date acquired Source of acquisition Cost, normal purchase price Total Checkouts Full call number Date last seen Copy number Koha item type
  Dewey Decimal Classification     Non-fiction Central Library, University of Rajshahi Central Library, University of Rajshahi   12/11/1963 Zeitlinger 21.00   345.4104 EDM 1955 02/08/2016 C-2 Books